Online
Catalog

¿Cómo fue el gobierno de Juan Bosch? / (Record no. 21953)

MARC details
000 -CABECERA
campo de control de longitud fija 02257nam a2200301 a 4500
001 - NÚMERO DE CONTROL
campo de control 000022455
003 - IDENTIFICADOR DEL NÚMERO DE CONTROL
campo de control DO-SdBNP
005 - FECHA Y HORA DE LA ÚLTIMA TRANSACCIÓN
campo de control 20260321073640.0
007 - CAMPO FIJO DE DESCRIPCIÓN FÍSICA--INFORMACIÓN GENERAL
campo de control de longitud fija ta
008 - DATOS DE LONGITUD FIJA--INFORMACIÓN GENERAL
campo de control de longitud fija 091204e1998 dr ac gr 001 edspa d
020 ## - NÚMERO INTERNACIONAL ESTÁNDAR DEL LIBRO
Número Internacional Estándar del Libro 8492311339
040 ## - FUENTE DE LA CATALOGACIÓN
Centro catalogador/agencia de origen DO-SdBNP
Lengua de catalogación spa
Centro/agencia transcriptor BNPHU
082 #4 - NÚMERO DE LA CLASIFICACIÓN DECIMAL DEWEY
Número de clasificación 320.97293
Número de documento/Ítem J61c, 1998
Número de edición 22
100 1# - ENTRADA PRINCIPAL--NOMBRE DE PERSONA
Nombre de persona Jiménez, Felucho
9 (RLIN) 23276
245 10 - MENCIÓN DE TÍTULO
Título ¿Cómo fue el gobierno de Juan Bosch? /
Mención de responsabilidad, etc. Felucho Jiménez.
250 ## - MENCIÓN DE EDICIÓN
Mención de edición 4a ed.
260 ## - PUBLICACIÓN, DISTRIBUCIÓN, ETC.
Lugar de publicación, distribución, etc. Santo Domingo :
Nombre del editor, distribuidor, etc. Alfa y Omega,
Fecha de publicación, distribución, etc. 1998
300 ## - DESCRIPCIÓN FÍSICA
Extensión 445 p. :
Otras características físicas il. ;
Dimensiones 21 cm.
500 ## - NOTA GENERAL
Nota general Incluye datos biográficos del autor en la solapa de la cubierta
500 ## - NOTA GENERAL
Nota general Constitución, leyes, decretos, programas y acciones relevantes del gobierno del prof. Juan Bosch del 1963. Incluye una entrevista especial al prof. Juan Bosch acerca de su programa de gobierno.
505 0# - NOTA DE CONTENIDO CON FORMATO
Nota de contenido con formato Introduccción --
Información miscelánea Capítulo primero --
Título Las elecciones del 1962 --
-- Ley del Consejo de Estado que Convocó las elecciones del 1962 --
-- Los resultados electorales --
Información miscelánea Capítulo segundo --
Título El Presidente Bosch --
-- Discurso de Toma de Posesión --
-- Lo que hizo en siete meses --
Información miscelánea Capítulo tercero --
Título La constitución del 1963 --
-- Carta de presentación del proyecto de constitución --
-- La constitución del 1963 --
Información miscelánea Capítulo cuarto --
Título Las leyes más importantes --
Información miscelánea Capítulo quinto --
Título Los decretos más importantes --
-- Capítulo sexto --
-- Proyectos de ley al 25 de septiembre del 1963 --
-- Algunos de los proyectos de ley que no llegaron a promulgarse o aprobarse --
-- Leyes del Gobierno de Bosch Derogadas o Modificadas por el Triunvirato hasta el 31 de diciembre del 1963 --
-- Leyes preparadas durante el Gobierno de Bosch que fueron Promulgadas por el Triunvirato hasta el 31 de diciembre del 1963 --
Información miscelánea Capítulo séptimo
Título Dos discursos y una carta para la historia --
-- Discursos del 16 de agosto del 1963 --
-- Una carta para la historia --
Información miscelánea Capítulo octavo --
Título El programa de gobierno (Entrevista al Prof. Juan Bosch) --.
590 ## - NOTA LOCAL (RLIN)
Nota local Inventariado, 2018/ YL
600 10 - PUNTO DE ACCESO ADICIONAL DE MATERIA--NOMBRE DE PERSONA
Nombre de persona Bosch, Juan,
Fechas asociadas al nombre 1909-2001
9 (RLIN) 76555
651 #4 - PUNTO DE ACCESO ADICIONAL DE MATERIA--NOMBRE GEOGRÁFICO
Nombre geográfico República Dominicana
Subdivisión general Política y Gobierno
Subdivisión cronológica 1961-
9 (RLIN) 204
651 #4 - PUNTO DE ACCESO ADICIONAL DE MATERIA--NOMBRE GEOGRÁFICO
Nombre geográfico República Dominicana
Subdivisión general Historia
9 (RLIN) 170
910 ## - DATOS DE OPCIÓN DEL USUARIO (OCLC)
Datos de opción del usuario Validado. Control de calidad MFF
942 ## - ELEMENTOS DE PUNTO DE ACCESO ADICIONAL (KOHA)
Fuente del sistema de clasificación o colocación Dewey Decimal Classification
Tipo de ítem Koha Libro
Holdings
Estado de retiro Estado de pérdida Fuente del sistema de clasificación o colocación Restricciones de uso No para préstamo Código de colección Localización permanente Ubicación/localización actual Ubicación en estantería Fecha de adquisición Fuente de adquisición Signatura topográfica completa Código de barras Fecha visto por última vez Número de copia Precio válido a partir de Tipo de ítem Koha
    Dewey Decimal Classification Préstamo en sala   Dominicana de Servicio Biblioteca Nacional Pedro Henríquez Ureña Biblioteca Nacional Pedro Henríquez Ureña Depósito 04.10.2015 Donado por Martiza Báez 320.97293 J61c, 1998 22455-30 25.06.2020 e. 3 25.06.2020 Libro
    Dewey Decimal Classification Excluido de préstamo   Patrimonio Dominicano Biblioteca Nacional Pedro Henríquez Ureña Biblioteca Nacional Pedro Henríquez Ureña Depósito 11.10.2010   320.97293 J61c, 1998 22455-10 25.06.2020   25.06.2020 Libro
    Dewey Decimal Classification Excluido de préstamo   Patrimonio Dominicano Biblioteca Nacional Pedro Henríquez Ureña Biblioteca Nacional Pedro Henríquez Ureña Depósito 24.05.2013   320.97293 J61c, 1998 22455-20 25.06.2020 e. 2 25.06.2020 Libro

Powered by Koha